Bezpečnost a ochrana zdraví při práci v otázkách a odpovědích

Salvato in:
Dettagli Bibliografici
Autore principale: Dandová, Eva (Autore)
Natura: Libro
Lingua:ceco
Pubblicazione: Praha : ASPI, 2004
Soggetti:
Tags: Aggiungi Tag
Nessun Tag, puoi essere il primo ad aggiungerne!!

MARC

LEADER 00000nam a22000003a 4500
001 stu129226
005 20150617225931.6
008 061106s2004----xr------------------cze-d
020 |a 80-7357-007-6 
040 |a STU  |b slo 
041 0 |a cze 
044 |a xr 
080 |a 331.4 
100 1 |a Dandová, Eva  |4 aut 
245 1 |a Bezpečnost a ochrana zdraví při práci v otázkách a odpovědích 
260 |a Praha :  |b ASPI,  |c 2004 
300 |a 123 s 
650 7 |a BOZP  |2 stusub 
996 |b 284M074666  |c M*B-441  |l MMST  |s A  |a 24  |w stu129226_0001